|
|
|
|
| LEADER |
01097nam a2200385 4500 |
| 001 |
DLU060051928 |
| 005 |
##20060323 |
| 008 |
##760716s1977 wb a b 001 0 eng |
| 010 |
# |
# |
|a 76026001
|
| 020 |
# |
# |
|a 0387076778
|
| 035 |
# |
# |
|9 (DLC) 76026001
|
| 040 |
# |
# |
|a DLC
|c DLC
|d DLC
|
| 050 |
# |
# |
|a QK725
|b .A66
|
| 082 |
# |
# |
|a 631.52
|b App
|
| 245 |
# |
# |
|a Applied and fundamental aspects of plant cell, tissue, and organ culture /
|c edited by J. Reinert and Y. P. S. Bajaj.
|
| 260 |
# |
# |
|a Berlin ;
|a New York :
|b Springer-Verlag,
|c 1977.
|
| 300 |
# |
# |
|a xviii, 803 p. :
|b ill. ;
|c 25 cm.
|
| 500 |
# |
# |
|a Includes index.
|
| 504 |
# |
# |
|a Bibliography: p. [778]-789.
|
| 650 |
# |
# |
|a Plant breeding.
|
| 650 |
# |
# |
|a Plant cell culture.
|
| 650 |
# |
# |
|a Plant micropropagation.
|
| 650 |
# |
# |
|a Plant tissue culture.
|
| 700 |
# |
# |
|a Bajaj, Y. P. S.,
|d 1936-
|
| 700 |
# |
# |
|a Reinert, J.
|
| 923 |
# |
# |
|a 01/2006
|
| 992 |
# |
# |
|a 16.000
|
| 994 |
# |
# |
|a DLU
|
| 900 |
# |
# |
|a True
|
| 911 |
# |
# |
|a Đào Thị Thu Huyền
|
| 925 |
# |
# |
|a G
|
| 926 |
# |
# |
|a A
|
| 927 |
# |
# |
|a SH
|
| 980 |
# |
# |
|a Thư viện Trường Đại học Đà Lạt
|